Pokémon Moves Starting with the Letter W, X, Y, Z - Statistics

General Stats
  • This quiz has been taken 128 times
    89 since last reset
  • The average score is 27 of 33
Answer Stats
Type Phys/Spec/Status Special Effect Answer % Correct
Fighting - W Physical Deals double damage to sleeping foe and wakes them up Wake-Up Slap
98%
Water Special Traps foe and damages for 2-5 turns Whirlpool
96%
Water Physical May make foe flinch. Climb waterfalls outside of battle. Waterfall
93%
Water Special May confuse foe Water Pulse
93%
Bug - X Physical N/A X-Scissor
93%
Normal Special Changes type and power depending on the weather Weather Ball
91%
Normal - Y Status Target falls asleep one turn after use Yawn
91%
Water Special Deals more damage if user has more HP Water Spout
89%
Flying Physical N/A Wing Attack
89%
Water Status Redice power of fire moves for five turns Water Sport
87%
Electric - Z Special Always paralyzes foe Zap Cannon
87%
Water - W Special N/A Water Gun
85%
Rock Status User and allies protected from moves that hit more than one Pokemon for the turn Wide Guard
85%
Normal Status Raises users Atk. and Spec. Atk. Work Up
85%
Water Special Deals increased damage when used with counterpart moves Water Pledge
83%
Normal Status Switches out foe for party member. Ends wild battle Whirlwind
83%
Electric Physical User receives recoil damage Wild Charge
83%
Fire Status Burns foe Will-O-Wisp
83%
Normal Status Restores 1/2 HP of target (including self) one turn after use Wish
83%
Grass Physical User receives 1/3 recoil damage Wood Hammer
83%
Grass Status Makes the targets ability Insomnia Worry Seed
83%
Normal Physical Traps foe and damages them for 2-5 turns Wrap
83%
Psychic - Z Physical May make foe flinch Zen Headbutt
80%
Water Status Raise user Def. Withdraw
78%
Water Physical Hits 2-5 times, High priority move Water Shuriken
76%
Electric Physical 30% Chance to flinch. Signature of Togedemaru and Pincurchin Zing Zap
76%
Electric Physical Increased priority move, always crits. Signature of Partner Pikachu Zippy Zap
76%
Psychic Status All Pokemons Def. and Spec. Def. are swapped for 5 turns Wonder Room
72%
Dark Physical Always Crits. Signature of Urshifu Wicked Blow
67%
Water Physical User receives 1/3 recoil damage Wave Crash
65%
Dark Physical 10% to put foe to sleep. Signature of Segin Starmobile Wicked Torque
59%
Normal - W Physical More powerful if user has more HP Wring Out
54%
Electric Special 20% Chance to paralyze. Signature of Thundurus Wildbolt Storm
48%
No matching quizzes found
Score Distribution
Percent of People with Each Score
Percentile by Number Answered
Your Score History
You have not taken this quiz since the last reset